Strong property returns (Record no. 117888)

MARC details
000 -LEADER
fixed length control field 01180cam a2200229 4500
001 - CONTROL NUMBER
control field WB@3612-174
008 - FIXED-LENGTH DATA ELEMENTS--GENERAL INFORMATION
fixed length control field 040824n 000 0 eng u
035 ## - SYSTEM CONTROL NUMBER
System control number (Sirsi) u127149
245 ## - TITLE STATEMENT
Title Strong property returns
490 ## - SERIES STATEMENT
Series statement IPD Press Release
Volume/sequential designation August 2004 (3)
520 ## - SUMMARY, ETC.
Summary, etc. The latest "IPD UK monthly index: end July 2004" has been published. It shows that property returns continue to rise thanks to strong capital growth. In July 2003, property returned 1.4%, with capital growth contributing 0.8% towards this. The property market has been gradually increasing over the last 12 months since August 2003, when it stood at 10.0% - it's now 16.1%. Office monthly returns matched those of industrials in July at 1.1%. Further figures can be found on the website. http://www.ipdindex.co.uk/results/indices/uk_month ly/index_uk_monthly.asp
590 ## - LOCAL NOTE (RLIN)
Local note WB
590 ## - LOCAL NOTE (RLIN)
Local note WB
650 ## - SUBJECT ADDED ENTRY--TOPICAL TERM
Topical term or geographic name entry element IPD MONTHLY INDEX
650 ## - SUBJECT ADDED ENTRY--TOPICAL TERM
Topical term or geographic name entry element Investments
9 (RLIN) 6250
650 ## - SUBJECT ADDED ENTRY--TOPICAL TERM
Topical term or geographic name entry element PROPERTY-COMMERCIAL PROPERTY-RETAIL PROPERTY-RETAIL PROPERTY MARKET
650 ## - SUBJECT ADDED ENTRY--TOPICAL TERM
Topical term or geographic name entry element OFFICE MARKET
650 ## - SUBJECT ADDED ENTRY--TOPICAL TERM
Topical term or geographic name entry element INDUSTRIAL GROWTH
650 ## - SUBJECT ADDED ENTRY--TOPICAL TERM
Topical term or geographic name entry element PROPERTY RETURNS
690 ## - LOCAL SUBJECT ADDED ENTRY--TOPICAL TERM (OCLC, RLIN)
Topical term or geographic name as entry element COMMERCIAL PROPERTY-MARKET
942 ## - ADDED ENTRY ELEMENTS (KOHA)
Suppress in OPAC 0
Holdings
Withdrawn status Lost status Source of classification or shelving scheme Damaged status Not for loan Home library Current library Shelving location Date acquired Total Checkouts Full call number Barcode Date last seen Copy number Price effective from Koha item type
    Dewey Decimal Classification     London London News article 24/08/2004   WB4033-05 127149-1001 06/08/2019 1 06/08/2019 News article